000 00443 a2200169 4500
020 _a8120300866
040 _aDLC
_bEnglish
082 _a 517
100 _aWidder, David V.
245 _aAdvanced calculus
_c David V.Widder
250 _a2nd ed
260 _aNew Delhi:
_bPrentice-Hall of India Pvt. Ltd.,
_c2002.
300 _axvi, 520 p.
_b: ill.
_c; 24 cm.
500 _aIncludes Index
650 _a Calculus.
942 _cBK
_k517 WID
_2ddc
999 _c7607
_d7607